000 nam a22 4500
999 _c30333
_d30333
008 190516b xxu||||| |||| 00| 0 eng d
020 _a9211313767
050 _aHN 670.6
_b.A6 1997
110 _aUnited Nations centre for Human Settlement(Habitat).
245 _aBuilding trust : an evolving approach to resettlement :
_b some lessons from Afghanistan /
_cUnited Nations centre for Human Settlement(Habitat).
260 _aNairobi,Kenya :
_b United Nations centre for Human Settlement(Habitat),
_c1997.
300 _a45p. ;
_c21cm.
504 _ainclude bibliographic references
650 _aHuman settlements.
650 _aAfghanistan.
650 _aSocial conditions.
650 _aPolitics and government.
942 _2lcc
_cBOOKS
_hHN 670.6 .A6 1997